000
00310nam a22001337a 4500
008
170616b xxu||||| |||| 00| 0 eng d
020
_a
9780807847077
041
_a
eng
080
_a
32
100
_a
20
101
_a
SHP
245
_a
DEMOCRATIC POLITICS DOMINICAN REPUBLIC
_c
HARTHY.J
942
_2
udc
_c
BK
999
_c
17697
_d
17697